| 000 | 00332nam a22001337a 4500 | ||
|---|---|---|---|
| 020 | _a9789381714317 | ||
| 082 |
_a363.3480954 _bSHA/DIS |
||
| 100 |
_aSharma,Vinod K. _91075 |
||
| 245 | _aDisaster Management | ||
| 250 | _a2 nd | ||
| 260 |
_aNew Delhi _bMed Tech-Scientific International Pvt. Ltd _c2013 |
||
| 300 | _a373 | ||
| 942 | _cBK | ||
| 999 |
_c14616 _d14616 |
||